000
00247nam a2200097Ia 4500
005
20251222114354.0
008
251222s1900||||xx |||||||||||||| ||spa||
082
_a
DVD0093/U61/2003
245
0
_a
Guerra en Irak: Un problema de educación:
942
_c
DVD
999
_c
1371
_d
1371